000 00737nam a2200217Ia 4500
003 GCL
008 140319s9999 xx 000 0 ara d
040 _aGCL /
_cGCL
082 0 4 _a320.9624
_bم و
100 1 _aمرتضى احمد ابراهيم
245 1 0 _aالوزير المتمرد, مذكرات المهندس مرتضى احمد ابراهيم /
_cمرتضى احمد ابراهيم
260 _a[S.N] :
_bمركز الدراسات السودانية ،
_c1993
300 _a280 ص
490 _a
650 0 4 _aالاحوال السياسية
650 0 4 _aالمذكرات
650 0 4 _aالسودان
650 0 4 _aالاحوال الاقتصادية
650 0 4 _aالتراجم الذاتية
942 _2ddc
_cBK
999 _c54755
_d54755